<The> Great Troublemaker: Nord Stream 2 in Russia's Foreign Energy Policy

Analýza projektu Nord Stream 2 z pohľadu ruskej zahraničnej politiky a strategických cieľov.

Saved in:
Bibliographic Details
Main Author: Kardaś, Szymon
Format: Book Chapter
Language:English
Subjects:
Tags: Add Tag
No Tags, Be the first to tag this record!

MARC

LEADER 00000naa a2200000 4500
001 0263733
005 20200603132045.9
041 0 |a eng 
044 |a SK 
245 1 0 |a <The> Great Troublemaker: Nord Stream 2 in Russia's Foreign Energy Policy  |c Szymon Kardaś 
520 |a Analýza projektu Nord Stream 2 z pohľadu ruskej zahraničnej politiky a strategických cieľov. 
610 2 0 |a plynovody 
610 2 0 |a vzťahy politické medzinárodné 
610 2 0 |a stratégia obchodná 
610 2 0 |a Rusko 
610 2 0 |a Európska únia 
100 1 |a Kardaś, Szymon